书目信息 |
| 题名: |
明末清初江南造园家理论整理与研究
|
|
| 作者: | 张琳 著 | |
| 分册: | ||
| 出版信息: | 武汉 华中科技大学出版社 2024.08 |
|
| 页数: | 152页 | |
| 开本: | 24cm | |
| 丛书名: | ||
| 单 册: | ||
| 中图分类: | TU986.625 | |
| 科图分类: | ||
| 主题词: | 古典园林--gu dian yuan lin--园林艺术--研究--中国--明清时代 | |
| 电子资源: | ||
| ISBN: | 978-7-5772-0976-0 | |
| 000 | 01186nam0 2200241 450 | |
| 001 | 92716 | |
| 005 | 20251125084420.42 | |
| 010 | @a978-7-5772-0976-0@dCNY88.00 | |
| 100 | @a20240902d2024 em y0chiy50 ea | |
| 101 | 0 | @achi |
| 102 | @aCN@b420000 | |
| 105 | @aak z 000yy | |
| 200 | 1 | @a明末清初江南造园家理论整理与研究@Aming mo qing chu jiang nan zao yuan jia li lun zheng li yu yan jiu@d= Theoretical classification and study of Jiangnan garden designers in the late Ming and early Qing@f张琳著@zeng |
| 210 | @a武汉@c华中科技大学出版社@d2024.08 | |
| 215 | @a152页@c图@d24cm | |
| 314 | @a张琳, 2020年毕业于韩国首尔国立大学环境造景系, 获工学博士学位。现为北京建筑大学建筑与城市规划学院师资博士后。 | |
| 330 | @a本书以《长物志》和《闲情偶寄》两部园林著作为中心, 探索江南造园家的造园理论, 总结了在明末清初的社会背景下江南造园家的造园体系在实践中的应用。 | |
| 510 | 1 | @aTheoretical classification and study of Jiangnan garden designers in the late Ming and early Qing@zeng |
| 606 | 0 | @a古典园林@Agu dian yuan lin@x园林艺术@x研究@y中国@z明清时代 |
| 690 | @aTU986.625@v5 | |
| 701 | 0 | @a张琳@Azhang lin@4著 |
| 801 | 0 | @aCN@b河南城建学院图书馆@c20250909 |
| 905 | @dTU986.625@eZ135@f1 | |
| 明末清初江南造园家理论整理与研究= Theoretical classification and study of Jiangnan garden designers in the late Ming and early Qing/张琳著.-武汉:华中科技大学出版社,2024.08 |
| 152页:图;24cm |
| ISBN 978-7-5772-0976-0:CNY88.00 |
| 本书以《长物志》和《闲情偶寄》两部园林著作为中心, 探索江南造园家的造园理论, 总结了在明末清初的社会背景下江南造园家的造园体系在实践中的应用。 |
| ● |
| 相关链接 |
|
|
|
正题名:明末清初江南造园家理论整理与研究
索取号:TU986.625/Z135
 
预约/预借
| 序号 | 登录号 | 条形码 | 馆藏地/架位号 | 状态 | 备注 |
| 1 | 1555801 | 215558019 | 建筑与城市规划学院资料室/ [索取号:TU986.625/Z135] | 在馆 | |
| 2 | 1555802 | 215558028 | 建筑与城市规划学院资料室/ [索取号:TU986.625/Z135] | 在馆 | |
| 3 | 1626680 | 216266804 | 建筑库201/201建筑库 120排1列4层/ [索取号:TU986.625/Z135] | 在馆 |